<?xml version="1.0" encoding="UTF-8"?>
<record
    xmlns:xsi="http://www.w3.org/2001/XMLSchema-instance"
    xsi:schemaLocation="http://www.loc.gov/MARC21/slim http://www.loc.gov/standards/marcxml/schema/MARC21slim.xsd"
    xmlns="http://www.loc.gov/MARC21/slim">

  <leader>01368nam a2200241   4500</leader>
  <controlfield tag="003">CO-ViMGA</controlfield>
  <datafield tag="020" ind1=" " ind2=" ">
    <subfield code="a">9789588662572</subfield>
  </datafield>
  <datafield tag="040" ind1=" " ind2=" ">
    <subfield code="a">CO-ViMGA</subfield>
    <subfield code="b">spa</subfield>
    <subfield code="c">CO-ViMGA</subfield>
  </datafield>
  <datafield tag="082" ind1="0" ind2="4">
    <subfield code="a">158.2 </subfield>
    <subfield code="b">C17c</subfield>
  </datafield>
  <datafield tag="100" ind1="1" ind2=" ">
    <subfield code="a">Carnegie, Dale,  1888-1955</subfield>
    <subfield code="9">12019</subfield>
  </datafield>
  <datafield tag="245" ind1="1" ind2="0">
    <subfield code="a">C&#xF3;mo suprimir las preocupaciones y disfrutar de la vida /</subfield>
    <subfield code="c">Dale Carnegie ; traducci&#xF3;n de Miguel de Hernani</subfield>
  </datafield>
  <datafield tag="250" ind1=" " ind2=" ">
    <subfield code="a">Edici&#xF3;n revisada</subfield>
  </datafield>
  <datafield tag="260" ind1=" " ind2=" ">
    <subfield code="a">Buenos Aires</subfield>
    <subfield code="b">Editorial Sudamericana</subfield>
    <subfield code="c">2013.</subfield>
  </datafield>
  <datafield tag="300" ind1=" " ind2=" ">
    <subfield code="a">370 p. :</subfield>
  </datafield>
  <datafield tag="520" ind1=" " ind2=" ">
    <subfield code="a">Las preocupaciones consumen la energ&#xED;a, entorpecen el pensamiento y matan la ambici&#xF3;n. &#xBF;Es posible hacer algo eficaz para suprimir las preocupaciones? En este libro Dale Carnegie demuestra que en verdad puede hacerse algo. Lo demuestra con t&#xE9;cnicas comprobadas que han dado resultado para millones de hombres y mujeres de las mas diversas ocupaciones. Ofrece una serie de formulas practicas que pueden aplicarse de inmediato y durar toda una vida. Este es un libro de grandes verdades, fascinante de leery f&#xE1;cil de aplicar. Puede cambiar el rumbo de su vida. Tomado de la contracubierta.</subfield>
  </datafield>
  <datafield tag="534" ind1=" " ind2=" ">
    <subfield code="t">How to stop worrying and start living</subfield>
  </datafield>
  <datafield tag="650" ind1="1" ind2="4">
    <subfield code="a">Autoayuda y superaci&#xF3;n</subfield>
    <subfield code="9">7522</subfield>
  </datafield>
  <datafield tag="650" ind1="1" ind2="4">
    <subfield code="a">Crecimiento personal</subfield>
    <subfield code="9">12020</subfield>
  </datafield>
  <datafield tag="650" ind1="1" ind2="4">
    <subfield code="a">Estr&#xE9;s (Psicolog&#xED;a)</subfield>
    <subfield code="9">12021</subfield>
  </datafield>
  <datafield tag="650" ind1="1" ind2="4">
    <subfield code="a">&#xC9;xito</subfield>
    <subfield code="9">6495</subfield>
  </datafield>
  <datafield tag="700" ind1="1" ind2=" ">
    <subfield code="a">Hernani, Miguel de,</subfield>
    <subfield code="e">tr.</subfield>
    <subfield code="9">12022</subfield>
  </datafield>
  <datafield tag="942" ind1=" " ind2=" ">
    <subfield code="2">ddc</subfield>
    <subfield code="c">BK</subfield>
  </datafield>
  <datafield tag="999" ind1=" " ind2=" ">
    <subfield code="c">36984</subfield>
    <subfield code="d">36984</subfield>
  </datafield>
  <datafield tag="952" ind1=" " ind2=" ">
    <subfield code="0">0</subfield>
    <subfield code="1">0</subfield>
    <subfield code="2">ddc</subfield>
    <subfield code="4">0</subfield>
    <subfield code="7">0</subfield>
    <subfield code="8">002</subfield>
    <subfield code="a">MEVIECAR</subfield>
    <subfield code="b">MEVIECAR</subfield>
    <subfield code="d">2018-02-28</subfield>
    <subfield code="l">2</subfield>
    <subfield code="m">3</subfield>
    <subfield code="o">158.2 C17c</subfield>
    <subfield code="p">031312</subfield>
    <subfield code="q">2026-05-16</subfield>
    <subfield code="r">2026-05-06 21:48:21</subfield>
    <subfield code="s">2026-05-06</subfield>
    <subfield code="w">2018-02-28</subfield>
    <subfield code="y">BK</subfield>
  </datafield>
</record>
